¿Hacia un entendimiento con la doctrina evangélica sobre la Cena? (Registro nro. 69575)
[ vista simple ]
| 000 -LÍDER | |
|---|---|
| Campo fijo de descripción fija | 01258nab a2200229 i 4500 |
| 001 - NÚMERO DE CONTROL | |
| Campo de control | 768714001 |
| 003 - IDENTIFICADOR DEL NÚMERO DE CONTROL | |
| Campo de control | CO-MdFUSB |
| 005 - FECHA Y HORA DE LA ULTIMA TRANSACCIÓN | |
| control field | 20260310215252.0 |
| 008 - ELEMENTOS DE LONGITUD FIJA -- INFORMACIÓN GENERAL | |
| Campo fijo de descripción fija -- Información general | 240507t1967 sp ||||| |||| 00| 0 spa d |
| 040 ## - FUENTE DE CATALOGACIÓN | |
| Idioma de catalogación | spa |
| Agencia que realiza la transcripción | CO-MdFUSB |
| Agencia que realiza la modificación | CO-MdFUSB |
| 041 ## - CÓDIGO DE IDIOMA | |
| Código de idioma para texto/pista de sonido o título separado | spa |
| 100 ## - ASIENTO PRINCIPAL--NOMBRE PERSONAL | |
| Nombre personal | Bertalot, Renzo, |
| Término relacionador | autor |
| 245 ## - TÍTULO | |
| Título | ¿Hacia un entendimiento con la doctrina evangélica sobre la Cena? |
| Mención de responsabilidad | / Renzo Bertalot |
| 520 ## - NOTA DE RESUMEN, ETC. | |
| Nota de sumario, etc. | En nuestro campo, para trabajar ecuménicamente hay que tener constantemente en cuenta ante nosotros mismos la perspectiva eucarística, que hoy no es única a causa de las divisiones, pero que llegará a serlo cuando el Señor quiera. Entre tanto, podemos levantar acta de las muchas dificultades que aparecen en el camino y de cómo la noción de fidelidad se encuentra determinada por una dinámica tensión interna entre compromiso confesional y escatología. |
| 650 #0 - ASIENTO SECUNDARIO DE MATERIA - TERMINO TEMÁTICO | |
| Término temático o nombre geográfico como elemento de entrada | Ecumenismo |
| Subdivisión general | Historia |
| 9 (RLIN) | 1146 |
| 650 #7 - ASIENTO SECUNDARIO DE MATERIA - TERMINO TEMÁTICO | |
| Término temático o nombre geográfico como elemento de entrada | Cristología |
| 9 (RLIN) | 239 |
| 650 #7 - ASIENTO SECUNDARIO DE MATERIA - TERMINO TEMÁTICO | |
| Término temático o nombre geográfico como elemento de entrada | Sacramentos |
| 9 (RLIN) | 470 |
| 650 #7 - ASIENTO SECUNDARIO DE MATERIA - TERMINO TEMÁTICO | |
| Término temático o nombre geográfico como elemento de entrada | Escatología |
| 9 (RLIN) | 213 |
| 773 0# - ASIENTO DE ITEM FUENTE | |
| Biblionumber | 49450 |
| Itemnumber | 82584 |
| Otro identificador del ítem | R2514 |
| Título | Revista internacional de teología Concilium |
| Número de control del registro | (CO-MdFUSB)8 |
| Número Internacional Normalizado para Publicaciones Seriadas (ISSN) | 0210-1041 |
| Parte(s) relacionada(s) / Volumen., número. (mes año), páginas | Número 24, (abril, 1967), páginas: 65 - 71 |
| Enumeración y primera página | página: 65 |
| 942 ## - TIPO DE MATERIAL (KOHA) | |
| Tipo de Item KOHA | Artículos de Revista |
| 945 ## - INFORMACIÓN LOCAL DEL REGISTRO | |
| Catalogador | Catherine Arias Álvarez - Practicante SENA |
No hay ítems disponibles.
